| 000 | 00000nam 2200000za 4500 |
| 001 | 9.846709 |
| 003 | CaOODSP |
| 005 | 20221107153252 |
| 007 | cr ||||||||||| |
| 008 | 171107s1955 oncd os f000 0 eng d |
| 040 | |aCaOODSP|beng |
| 043 | |an-cn--- |
| 086 | 1 |aCS82-508/1955E-PDF |
| 245 | 00|aVolume of health care (national estimates) |h[electronic resource] / |cprepared jointly by the Dominion Bureau of Statistics and the Department of National Health and Welfare. |
| 260 | |aOttawa : |bEdmond Cloutier, Queen's Printer, |c1955. |
| 300 | |a44 p. : |bcharts |
| 490 | 0 |aCanadian sickness survey, 1950-51 ; |vno. 8 |
| 500 | |aIssued also in French under title: Volume des soins de santé (estimations nationales). |
| 500 | |aCover title. |
| 500 | |a"October, 1955." |
| 500 | |aChiefly tables. |
| 500 | |aDigitized edition from print [produced by Statistics Canada]. |
| 520 | |a“This bulletin is the eighth in the series of preliminary publications of the Canadian Sickness Survey. Family expenditures for health services were dealt with in the first four reports. The fifth report concerned the volume of sickness, the sixth permanent physical disabilities, and the seventh the incidence and prevalence of illness. Illness statistics classified by diagnostic group will be considered in bulletins to follow. The purpose of the present report is to provide estimates by age group and sex of the volume of health care received by Canadians. The major categories of health care recorded are physicians' services, hospital care, and nursing care. In addition information is presented regarding operations, dental care, examinations for glasses, and miscellaneous other health care"--Scope, p. [5]. |
| 530 | |aIssued also in print format. |
| 692 | 07|2gccst|aHealth care |
| 692 | 07|2gccst|aStatistics |
| 710 | 1 |aCanada. |bDominion Bureau of Statistics. |
| 710 | 1 |aCanada. |bDept. of National Health and Welfare. |
| 775 | 08|tVolume des soins de santé (estimations nationales) |w(CaOODSP)9.846711 |
| 856 | 40|qPDF|s1.96 MB|uhttps://publications.gc.ca/collections/collection_2017/statcan/CS82-508-1955-eng.pdf |
| 986 | |a82-508 |